00472nam a22001337a 4500003000500000038001800005082000800023100001800031245013200049264003500181650003200216700003300248856005700281NUST aNusrat Nadeem a200 aHasnain, Raja aPredictive Analysis of Plastic Road Construction on Urban Air Quality and Waste Management Amid Climate Change/cRaja Hasnain,  aIslamabad:bSEECS NUST.c2025. aMS-Artificial Intelligence  aSupervisor: Dr. Rafia Mumtaz uhttp://10.250.8.41:8080/xmlui/handle/123456789/53522